Workplace law (Record no. 118878)

MARC details
000 -LEADER
fixed length control field 00493cas a22001935a 4500
001 - CONTROL NUMBER
control field L136881
008 - FIXED-LENGTH DATA ELEMENTS--GENERAL INFORMATION
fixed length control field 070228c2004 xxkmr p 0 a0eng u
022 1# - INTERNATIONAL STANDARD SERIAL NUMBER
International Standard Serial Number 1745-0160
035 ## - SYSTEM CONTROL NUMBER
System control number (Sirsi) u136881
041 0# - LANGUAGE CODE
Language code of text/sound track or separate title eng
110 2# - MAIN ENTRY--CORPORATE NAME
Corporate name or jurisdiction name as entry element Workplace Law Group
9 (RLIN) 4840
245 00 - TITLE STATEMENT
Title Workplace law
260 ## - PUBLICATION, DISTRIBUTION, ETC.
Place of publication, distribution, etc. Warwick
Name of publisher, distributor, etc. Workplace Law Group
Date of publication, distribution, etc. 2004-
362 ## - DATES OF PUBLICATION AND/OR SEQUENTIAL DESIGNATION
Dates of publication and/or sequential designation (2) February 2005-
554 ## -
-- 10 per year
651 #4 - SUBJECT ADDED ENTRY--GEOGRAPHIC NAME
Geographic name United Kingdom
Chronological subdivision
690 ## - LOCAL SUBJECT ADDED ENTRY--TOPICAL TERM (OCLC, RLIN)
Topical term or geographic name as entry element MANAGEMENT-BUSINESS MANAGEMENT
942 ## - ADDED ENTRY ELEMENTS (KOHA)
Suppress in OPAC 0
Holdings
Withdrawn status Lost status Source of classification or shelving scheme Damaged status Not for loan Home library Current library Shelving location Date acquired Total Checkouts Full call number Barcode Date last seen Price effective from Koha item type
    Dewey Decimal Classification     London London Gallery 02/07/2007   WORKPLACE LAW 136881-1001 06/08/2019 06/08/2019 Journal